10 U.S States With The Highest Poverty Rate - Statistics

General Stats
  • This quiz has been taken 98 times
  • The average score is 9 of 10
Answer Stats
% of Citizens in Poverty State % Correct
19.2% Alabama
98%
19.0% Kentucky
93%
21.9% Mississippi
93%
18.7% Arkansas
91%
20.6% New Mexico
91%
19.9% Louisiana
89%
18.2% Tennessee
88%
18.3% West Virginia
88%
18.4% Georgia
85%
18.2% Arizona
75%
No matching quizzes found
Score Distribution
Percent of People with Each Score
Percentile by Number Answered
Your Score History
You have not taken this quiz